| 000 | 00956nam a2200265 i 4500 | ||
|---|---|---|---|
| 001 | 76936 | ||
| 003 | ES-MaACL | ||
| 005 | 20230906173027.0 | ||
| 007 | t| | ||
| 008 | 041006s1982 sp |||| | spa d | ||
| 020 | _a84-7088-307-0 | ||
| 100 | 1 |
_aGunn, Angus M. _960956 |
|
| 245 | 1 | 0 |
_aHábitat _b: asentamientos humanos en la era urbana / _cAngus M. Gunn ; traducción de Irene Pérez Cuétara, Ana Sofía Esteves Marqués ; revisado por Adelina Martínez Andrés. |
| 260 |
_aMadrid : _bInstituto de Estudio de Administración Local, _c1982. |
||
| 300 |
_a374 p. ; _c22 cm. |
||
| 490 | 1 |
_aNuevo urbanismo ; _v34 |
|
| 650 | 0 | 4 |
_aSociología urbana. _917217 |
| 650 |
_aEcología humana. _912002 |
||
| 700 | 1 |
_aPérez Cuétara, Irene. _990750 |
|
| 700 | 1 |
_aEsteves Marqués, Ana Sofía. _948156 |
|
| 700 | 1 |
_aMartínez Andrés, Adelina. _977856 |
|
| 830 | 0 |
_aNuevo urbanismo ; _v34 _9181984 |
|
| 852 |
_aES-MaACL _jL-8555 |
||
| 999 |
_c76936 _d76936 |
||